| 000 | 01471cam a2200265 4500 | ||
|---|---|---|---|
| 001 | ABS65584 | ||
| 008 | 000000n2002 000 0 eng u | ||
| 035 | _a(Sirsi) u118446 | ||
| 245 | _aRoyal Brompton Hospital National Health Service Trust v Hammond and others and Taylor Woodrow Construction (Holdings) Ltd | ||
| 260 | _c2002 | ||
| 490 |
_aConstruction Industry Law Letter _v[2002] CILL1865-1868(4) |
||
| 520 | _aHL 25 April 2002. Watkins Grey International (W) appealed against a CA ruling that damage it caused occurred at the time of a certificate of extension of time and prevented R from obtaining financial recompense from T and that T was not liable in respect for the same damage as W. "Held": the appeal was dismissed on the grounds that the damage was not the 'same damage' for the purposes of the Civil Liability (Contribution) Act 1978 s1(1). Copy of judgement available on http://www.publications.parliament.uk/pa/ld200102/ldjudgmt/jd020425/brompt-1.htm | ||
| 590 | _aABS | ||
| 650 | _aWOOLF REFORMS | ||
| 650 | _aCASE MANAGEMENT | ||
| 650 | _aCIVIL LIABILITY (CONTRIBUTION) ACT 1978 S1(1) | ||
| 650 | _aROYAL BROMPTON HOSPITAL NHS TRUST V HAMMOND AND OTHERS | ||
| 650 | _aSTRIKING OUT | ||
| 650 | _aCLAIMS | ||
| 650 | _aCIVIL PROCEDURE RULES | ||
| 650 | _aCIVIL PROCEDURE RULES | ||
| 690 | _aBUILDING AND CONSTRUCTION-LAW | ||
| 856 | _uhttps://www.publications.parliament.uk/pa/ld200102/ldjudgmt/jd020425/brompt-1.htm | ||
| 942 | _n0 | ||
| 999 |
_c102142 _d102142 |
||